<?xml version="1.0" encoding="UTF-8"?>
<record
    xmlns:xsi="http://www.w3.org/2001/XMLSchema-instance"
    xsi:schemaLocation="http://www.loc.gov/MARC21/slim http://www.loc.gov/standards/marcxml/schema/MARC21slim.xsd"
    xmlns="http://www.loc.gov/MARC21/slim">

  <leader>10537nas1a22009011i 4500</leader>
  <controlfield tag="001">RU\NLR\INFOCOMM31\1000077599</controlfield>
  <controlfield tag="005">20240726004215.0</controlfield>
  <datafield tag="035" ind1=" " ind2=" ">
    <subfield code="a">(NLR Aleph) 002568641</subfield>
  </datafield>
  <datafield tag="090" ind1=" " ind2=" ">
    <subfield code="a">3169126</subfield>
    <subfield code="c">3169126</subfield>
  </datafield>
  <datafield tag="100" ind1=" " ind2=" ">
    <subfield code="a">20040608c1979    |||y0rusy50      ca</subfield>
  </datafield>
  <datafield tag="101" ind1="0" ind2=" ">
    <subfield code="a">rus</subfield>
  </datafield>
  <datafield tag="102" ind1=" " ind2=" ">
    <subfield code="a">RU</subfield>
  </datafield>
  <datafield tag="110" ind1=" " ind2=" ">
    <subfield code="a">ayu||||0|y0</subfield>
  </datafield>
  <datafield tag="200" ind1="1" ind2=" ">
    <subfield code="a">&#x41E;&#x431;&#x440;&#x430;&#x437;&#x446;&#x43E;&#x432;&#x44B;&#x435; &#x438; &#x432;&#x44B;&#x441;&#x43E;&#x43A;&#x43E;&#x442;&#x43E;&#x447;&#x43D;&#x44B;&#x435; &#x441;&#x440;&#x435;&#x434;&#x441;&#x442;&#x432;&#x430; &#x438;&#x437;&#x43C;&#x435;&#x440;&#x435;&#x43D;&#x438;&#x439;</subfield>
    <subfield code="e">&#x41E;&#x431;&#x437;&#x43E;&#x440;. &#x438;&#x43D;&#x444;&#x43E;&#x440;&#x43C;.</subfield>
    <subfield code="f">&#x412;&#x41D;&#x418;&#x418;&#x41A;&#x418;</subfield>
  </datafield>
  <datafield tag="210" ind1=" " ind2=" ">
    <subfield code="a">&#x41C;.</subfield>
    <subfield code="d">1979-</subfield>
  </datafield>
  <datafield tag="300" ind1=" " ind2=" ">
    <subfield code="a">&#x412; &#x43D;&#x430;&#x434;&#x437;&#x430;&#x433;. &#x442;&#x430;&#x43A;&#x436;&#x435;: &#x413;&#x43E;&#x441;. &#x43A;&#x43E;&#x43C;. &#x421;&#x421;&#x421;&#x420; &#x43F;&#x43E; &#x441;&#x442;&#x430;&#x43D;&#x434;&#x430;&#x440;&#x442;&#x430;&#x43C;</subfield>
  </datafield>
  <datafield tag="430" ind1=" " ind2="1">
    <subfield code="1">2001#$a&#x41E;&#x431;&#x440;&#x430;&#x437;&#x446;&#x43E;&#x432;&#x44B;&#x435; &#x438; &#x432;&#x44B;&#x441;&#x43E;&#x43A;&#x43E;&#x442;&#x43E;&#x447;&#x43D;&#x44B;&#x435; &#x43C;&#x435;&#x442;&#x43E;&#x434;&#x44B; &#x438;&#x437;&#x43C;&#x435;&#x440;&#x435;&#x43D;&#x438;&#x439;</subfield>
    <subfield code="t">&#x41E;&#x431;&#x440;&#x430;&#x437;&#x446;&#x43E;&#x432;&#x44B;&#x435; &#x438; &#x432;&#x44B;&#x441;&#x43E;&#x43A;&#x43E;&#x442;&#x43E;&#x447;&#x43D;&#x44B;&#x435; &#x43C;&#x435;&#x442;&#x43E;&#x434;&#x44B; &#x438;&#x437;&#x43C;&#x435;&#x440;&#x435;&#x43D;&#x438;&#x439;</subfield>
  </datafield>
  <datafield tag="712" ind1="0" ind2="2">
    <subfield code="a">&#x412;&#x41D;&#x418;&#x418; &#x442;&#x435;&#x445;&#x43D;&#x438;&#x447;&#x435;&#x441;&#x43A;&#x43E;&#x439; &#x438;&#x43D;&#x444;&#x43E;&#x440;&#x43C;&#x430;&#x446;&#x438;&#x438;, &#x43A;&#x43B;&#x430;&#x441;&#x441;&#x438;&#x444;&#x438;&#x43A;&#x430;&#x446;&#x438;&#x438; &#x438; &#x43A;&#x43E;&#x434;&#x438;&#x440;&#x43E;&#x432;&#x430;&#x43D;&#x438;&#x44F;</subfield>
    <subfield code="4">570</subfield>
  </datafield>
  <datafield tag="801" ind1=" " ind2="1">
    <subfield code="a">RU</subfield>
    <subfield code="b">InfoComm</subfield>
    <subfield code="c">20040608</subfield>
  </datafield>
  <datafield tag="801" ind1=" " ind2="0">
    <subfield code="a">RU</subfield>
    <subfield code="b">NLR</subfield>
    <subfield code="g">PSBO</subfield>
  </datafield>
  <datafield tag="852" ind1=" " ind2=" ">
    <subfield code="a">NLR</subfield>
    <subfield code="j">&#x41F;10/5620</subfield>
  </datafield>
  <datafield tag="942" ind1=" " ind2=" ">
    <subfield code="c">JOURNAL</subfield>
  </datafield>
  <datafield tag="980" ind1=" " ind2=" ">
    <subfield code="a">RUSPER</subfield>
  </datafield>
</record>
